000
00284nam a22001217a 4500
008
170621b xxu||||| |||| 00| 0 eng d
041
_a
eng
080
_a
32
100
_a
20
101
_a
SHP
245
_a
COAL-MINING SAFETY IN THE PROGRESSIVE PERIOD
_c
GRAEBNER, W
942
_2
udc
_c
BK
999
_c
18530
_d
18530